Charles Leclerc... ou le char Leclerc ? - Statistiques

Statistiques générales
  • Ce quiz a été pris 220 fois
    213 depuis la dernière actualisation
  • Le résultat moyen est 7 sur 10
Statistiques - réponses
Question Réponse % Correct
Est lié au maréchal Leclerc Le char Leclerc
96%
Est le plus vieux Le char Leclerc
94%
Peut atteindre la plus haute vitesse de pointe Charles Leclerc
89%
Est lié à Ferrari Charles Leclerc
87%
A déjà participé au défilé du 14 juillet à Paris Le char Leclerc
85%
Est français Le char Leclerc
80%
Apparait dans au moins un jeu vidéo Les deux
79%
A fait ses preuves pour la première fois en région PACA, en 2005 Charles Leclerc
63%
A voyagé plusieurs fois aux Emirats Arabes Unis Les deux
59%
Apparait dans au moins un film grand public Charles Leclerc
7%
Aucun quiz correspondant
Distribution des résultats
% des personnes avec chaque résultat
Percentile par nombre de réponses
Votre historique - résultats
Vous n’avez pas pris ce quiz depuis la dernière actualisation